| 000 | 00741nam a22002537a 4500 | ||
|---|---|---|---|
| 999 |
_c6293 _d6293 |
||
| 003 | AR-CdUCM | ||
| 008 | 190314b ||||| |||| 00| 0 spa d | ||
| 040 |
_aMUNICIPALIDAD PROVINCIAL DEL CUSCO _cBIBLIOTECA MUNICIPAL DEL CUSCO |
||
| 041 | _hit. | ||
| 082 |
_a858.91 / _bP33 |
||
| 100 |
_aPavese, Cesare _98466 |
||
| 245 | _aDe tu tierra / | ||
| 260 |
_aLa Habana : _bEdit. Arte y Literatura, _c1977. |
||
| 300 |
_a138 paginas ; _c17 cm. |
||
| 440 |
_aColección Cocuyo _99883 |
||
| 500 | _aDonación familia Nieto | ||
| 505 | _aContenido :Novela / | ||
| 650 |
_aLiteratura italiana _9615 |
||
| 650 |
_aNovela _95 |
||
| 650 |
_aSiglo XX _98 |
||
| 700 |
_aAngel Sanchez -Gijon Martinez _918057 |
||
| 942 |
_2ddc _cLIBROS |
||
| 945 | _arjall | ||